Estatísticas para Cidades com emissoras de rádio afiliadas à Jovem Pan FM

Clique aqui para jogar o quiz

Estatísticas Gerais

  • Esse quiz foi jogado 24 vezes
    (12 desde o último reset)
  • A pontuação média é 36 de 80

Estatísticas das Respostas

FrequênciaUFCidade% Correto
100,9SPSão Paulo
100%
88,7SEAracaju
82%
95,3MSCampo Grande
82%
103,9PRCuritiba
82%
101,7SCFlorianópolis
82%
94,7CEFortaleza
82%
90,7RSMontenegro (Grande Porto Alegre)
82%
89,9RNNatal
82%
91,3BASalvador
82%
93,3MTVárzea Grande (Cuiabá)
82%
99,1MGBelo Horizonte
73%
89,9SPCampinas
73%
106,7GOGoiânia
73%
91,1SCJoinville
73%
104,1AMManaus
73%
95,9SPRecife
73%
95,1SPSantos
73%
100,1ESVitória
73%
106,3DFBrasília
64%
100,9BAFeira de Santana
64%
93,3PRFoz do Iguaçu
64%
102,5PBJoão Pessoa
64%
102,7ALMaceió
64%
101,3PRMaringá
64%
93,1SPRibeirão Preto
64%
94,3SPSão José dos Campos
64%
102,5MASão Luís
64%
103,7MGUberaba
64%
95,5SPBauru
55%
94,1SCItajaí (Balneário Camboriú)
55%
102,9PRLondrina
55%
100,9SPMarília
55%
98,3SPTaubaté
55%
92,5RSBento Gonçalves (Serra Gaúcha)
45%
102,3MGIpatinga
45%
93,5MGMontes Claros
45%
88,9SPOurinhos
45%
103,5PRPonta Grossa
45%
101,7SPPresidente Prudente
45%
91,1SPVotorantim (Sorocaba)
45%
101,5SPBarretos
36%
105,7GOCaldas Novas
36%
101,3PECaruaru
36%
101,5PRCascavel
36%
104.3SCCriciúma
36%
103,1SPPIracicaba
36%
102,9MTPoxoréu/Rondonópolis (Sul Matogrossense)
36%
94.9SCTubarão
36%
104,3SPAraçatuba
27%
93,5MGAraxá
27%
89,5BABarreiras
27%
100,7SPItapetininga
27%
88,1SPMatão
27%
96,9MGPassos
27%
103,3MGPatos de Minas
27%
90,9MGPoços de Caldas
27%
88,5MSTrês Lagoas
27%
107,3MGVarginha
27%
97,7SPBarra Bonita
18%
91,1MTBarra do Garças
18%
105,7MGCataguases
18%
91,5SPCatanduva
18%
90,3MSCoxim
18%
91,3RJItaperuna
18%
91,7SPItapeva
18%
91,7CEJijoca de Jericoacoara
18%
98.7MGMuriaé
18%
103,1RSOsório
18%
106,9RSPasso Fundo
18%
93,9SCRio do Sul (Alto Vale)
18%
92,5SPSanta Fé do Sul
18%
92,9RJTrês Rios
18%
89,5SPTupã
18%
98,3PRUnião da Vitória
18%
92,5SPApiaí
9%
103,1PRArapoti
9%
102,1SPAvaré
9%
101,5SPDracena
9%
103,9SCHerval d'Oeste (Joaçaba)
9%
107,3SPJaboticabal
9%

Distribuição das Pontuações

Percentil de Números Respondidos

Porcentagem de Pessoas com Cada Pontuação

Sua Pontuação Histórica

Você não jogou esse quiz desde o último reset